000 00296nam a2200121 i 4500
001 bg
245 0 _aPodstawy automatyki :
_bpraca zbiorowa /
_cpod red. W. Chotkowskiego.
260 _aGdaƄsk,
_c1990.
040 _cBPK
041 _apol
942 _cKS
008 s pl f |000 0 pol
999 _c4464
_d4464
856 _uhttp://koha.tu.koszalin.pl/cgi-bin/koha/opac-detail.pl?biblionumber=4464
_yKatalog online BPK